| 000 | 00963nam a2200265Ia 4500 | ||
|---|---|---|---|
| 003 | OSt | ||
| 005 | 20220925203415.0 | ||
| 006 | a|||||r|||| 00| 0 | ||
| 007 | ta | ||
| 008 | 220923b |||||||| |||| 00| 0 eng d | ||
| 020 |
_a9780822342052 _c1257.71 |
||
| 037 |
_bRKBA/ 09-10/ 4674, 01/08/2012, RAJKIRAN BOOK AGENCY _cGeneral Book |
||
| 040 |
_aRTL _cRTL _beng |
||
| 041 |
_2eng _aeng |
||
| 082 | _aY:3 (M95).43, P9 | ||
| 100 |
_aMorris Rosalind C. _9265873 |
||
| 245 | 0 |
_aPhotographies east _b The cermera and its Histories in East and Southeast Asia |
|
| 260 |
_aDurham _bDuke University Press _c2009 |
||
| 300 |
_a314p. _ccm. |
||
| 490 | _aObjects/Histories: Critical Perspectives on Art Material Culture and Representation | ||
| 500 | _aBiblio. p 291-304 | ||
| 650 | _aSociology | ||
| 942 |
_hY:3 (M95).43, P9 _cGB _2CC |
||
| 999 |
_c546278 _d546278 |
||